Manual del curso Laboratorio de Programación de Microprocesadores
Gardado en:
| Autor Principal: | |
|---|---|
| Formato: | Libro |
| Publicado: |
San José, C.R.
1998
|
| Materias: | |
| Etiquetas: |
Engadir etiqueta
Sen Etiquetas, Sexa o primeiro en etiquetar este rexistro!
|
MARC
| LEADER | 00000nam a2200000Ia 4500 | ||
|---|---|---|---|
| 003 | 008486 | ||
| 005 | 20221231144223.0 | ||
| 008 | 140114s1998 cr a m 000 ||s d | ||
| 040 | |c cru CEDI | ||
| 090 | |a TFG 3857 | ||
| 100 | |a Zúñiga Vargas, José Paulo |9 2572 | ||
| 245 | |a Manual del curso Laboratorio de Programación de Microprocesadores | ||
| 260 | |c 1998 |a San José, C.R. | ||
| 300 | |a vii, 45 hojas | ||
| 500 | |a Proyecto de graduación (bachillerato en ingeniería eléctrica)--Universidad de Costa Rica. Facultad de Ingeniería. Escuela de Ingeniería Eléctrica | ||
| 650 | |x MICROPROCESADORES |x CONTROLADORES LOGICOS PROGRAMABLES |9 9015 | ||
| 942 | |c TFG | ||
| 999 | |c 18632 |d 18632 | ||
